Normal view
MARC view
Entry Personal Name
001 - CONTROL NUMBER
- control field: 168267
003 - CONTROL NUMBER IDENTIFIER
- control field: OSt
005 - DATE AND TIME OF LATEST TRANSACTION
- control field: 20220923224924.0
008 - FIXED-LENGTH DATA ELEMENTS
- fixed length control field: 220923|| aca||aabn | a|a d
040 ## - CATALOGING SOURCE
- Original cataloging agency: OSt
- Transcribing agency: OSt
100 ## - HEADING--PERSONAL NAME
- Personal name: सेखों, संत सिंह; जग्गी, रत्न सिंह, अनु
670 ## - SOURCE DATA FOUND
- Source citation: Work cat.: (OSt)374674: सेखों, संत सिंह; जग्गी, रत्न सिंह, अनु., नानक सिंह, 1992
